Colonización y conquista: Talamanca despojada por la "civilización" /

保存先:
書誌詳細
第一著者: Bogantes Díaz, Javier
フォーマット: テキスト
タグ: タグ追加
タグなし, このレコードへの初めてのタグを付けませんか!

MARC

LEADER 00000 a a2200000 04500
001 1403
003
040
100 |a Bogantes Díaz, Javier  
245 |a Colonización y conquista:   |b Talamanca despojada por la "civilización" /  |c Javier Bogantes Díaz 
773 |g número 68; páginas 32-33  
999 |c 30986  |d 30986